00771nam a2200193Ia 4500003000900000008004100009040001300050040001300063041000800076100001800084245014500102250001200247260001500259260000900274300000800283490000600291600026000297700002000557IT-RoPAU120407s9999 xx 000 0 und d aIT-RoPAU cIT-RoPAU aita aMagnus Lohrer a"Mysterium Salutis. Nuovo corso di dogmatica come teologia della storia della salvezza. 10 voll. a cura di Johannes Feiner e Magnus Lohrer." aBrescia aQueriniana c1967 c cm v1 a"1. I fondamenti di una dogmatica della storia della salvezza (parte prima).2. I fondamenti di una dogmatica della storia della salvezza (parte seconda).3. La storia della salvezza prima di Cristo. I.4. La storia della salvezza prima di Cristo. II. " aJohannes Feiner